[Event "Eurasia Open Cup 2019"]
[Site "Ekaterinburg"]
[Date "2019.08.03"]
[Round "4.34"]
[White "Inozemtsev, Sergei"]
[Black "Vinokur, Yuliya"]
[Result "1-0"]
[WhiteElo "2295"]
[BlackElo "2013"]
[Annotator "NA"]
[PlyCount "77"]
[EventDate "2019.07.31"]
[EventType "swiss"]
[EventCountry "RUS"]
[SourceTitle "playchess.com"]
[Source "ChessBase"]
[SourceQuality "1"]
[TimeControl "5400+30"]

1. e4 {[%emt 0:00:00]} c6 {[%emt 0:00:00]} 2. d3 {[%emt 0:07:29]} d5 {[%emt 0:00:14]} 3. Nd2 {[%emt 0:02:40]} e5 {[%emt 0:04:04]} 4. g3 {[%emt 0:02:47]} Nf6 {[%emt 0:02:20]} 5. Bg2 {[%emt 0:00:19]} Bc5 {[%emt 0:00:48]} 6. Ngf3 {[%emt 0:00:38]} Bg4 {[%emt 0:06:48]} 7. h3 {[%emt 0:01:07]} dxe4 {[%emt 0:01:09]} 8. dxe4 {[%emt 0:00:31]} Be6 {[%emt 0:01:47]} 9. O-O {[%emt 0:00:21]} Nbd7 {[%emt 0:00:56]} 10. Ng5 {[%emt 0:01:31]} O-O {[%emt 0:06:24]} 11. Nxe6 {[%emt 0:01:17]} fxe6 {[%emt 0:00:36]} 12. Qe2 {[%emt 0:05:13]} Qe8 {[%emt 0:07:44]} 13. Nb3 {[%emt 0:02:02]} Qg6 {[%emt 0:03:08]} 14. Be3 {[%emt 0:10:27]} Bxe3 {[%emt 0:10:33]} 15. Qxe3 {[%emt 0:00:06]} b6 {[%emt 0:00:32]} 16. a4 {[%emt 0:01:47]} c5 {[%emt 0:03:07]} 17. Nd2 {[%emt 0:00:52]} a6 {[%emt 0:02:51]} 18. Qb3 {[%emt 0:02:30]} Ne8 {[%emt 0:06:38]} 19. Rad1 {[%emt 0:03:18]} Rb8 {[%emt 0:01:01]} 20. Qd3 {[%emt 0:00:00]} Ndf6 {[%emt 0:04:45]} 21. Qxa6 {[%emt 0:00:31]} Nc7 {[%emt 0:00:35]} 22. Qe2 {[%emt 0:00:55]} b5 {[%emt 0:05:06]} 23. axb5 {[%emt 0:05:53]} Nxb5 {[%emt 0:01:34]} 24. Nc4 {[%emt 0:01:11]} Nd4 {[%emt 0:03:08]} 25. Qd3 {[%emt 0:00:35]} Rbd8 {[%emt 0:04:08]} 26. c3 {[%emt 0:01:05]} Nc6 {[%emt 0:01:44]} 27. Qe3 {[%emt 0:00:00]} Rc8 {[%emt 0:04:52]} 28. Nd6 {[%emt 0:00:53]} Rc7 {[%emt 0:00:17]} 29. Qxc5 {[%emt 0:00:00]} Nd7 {[%emt 0:01:26]} 30. Qe3 {[%emt 0:00:38]} Rb8 {[%emt 0:00:15]} 31. b4 {[%emt 0:01:27]} Na7 {[%emt 0:00:37]} 32. Rd3 {[%emt 0:05:12]} Nb5 {[%emt 0:02:12]} 33. Rfd1 {[%emt 0:00:09]} Nf6 {[%emt 0:00:41]} 34. Nxb5 {[%emt 0:00:49]} Rxb5 {[%emt 0:00:12]} 35. Rd8+ {[%emt 0:00:43]} Kf7 {[%emt 0:01:52]} 36. Bf1 {[%emt 0:00:29]} Rbb7 {[%emt 0:00:00]} 37. Ba6 {[%emt 0:00:40]} Ra7 {[%emt 0:00:20]} 38. b5 {[%emt 0:00:19]} Re7 {[%emt 0:00:35]} 39. Re1 {[%emt 0:00:31]} 1-0

[Event "Eurasia Open Cup 2019"]
[Site "Ekaterinburg"]
[Date "2019.08.03"]
[Round "4.35"]
[White "Fedotov, Alexey"]
[Black "Matsenko, Andrei"]
[Result "1-0"]
[WhiteElo "2141"]
[BlackElo "2293"]
[Annotator "NA"]
[PlyCount "78"]
[EventDate "2019.07.31"]
[EventType "swiss"]
[EventCountry "RUS"]
[SourceTitle "playchess.com"]
[Source "ChessBase"]
[SourceQuality "1"]
[TimeControl "5400+30"]

1. d4 {[%emt 0:00:00]} Nf6 {[%emt 0:00:00]} 2. c4 {[%emt 0:00:00]} e6 {[%emt 0:00:00]} 3. Nc3 {[%emt 0:00:00]} Bb4 {[%emt 0:00:00]} 4. Nf3 {[%emt 0:00:40]} O-O {[%emt 0:10:28]} 5. Qc2 {[%emt 0:07:45]} c5 {[%emt 0:06:52]} 6. dxc5 {[%emt 0:07:25]} Na6 {[%emt 0:01:17]} 7. Bd2 {[%emt 0:03:14]} Nxc5 {[%emt 0:01:40]} 8. e3 {[%emt 0:08:14]} d6 {[%emt 0:15:33]} 9. a3 {[%emt 0:04:51]} Bxc3 {[%emt 0:01:00]} 10. Bxc3 {[%emt 0:00:11]} Nce4 {[%emt 0:00:24]} 11. Bxf6 {[%emt 0:05:57]} Nxf6 {[%emt 0:00:46]} 12. Be2 {[%emt 0:00:24]} Qe7 {[%emt 0:04:02]} 13. O-O {[%emt 0:01:47]} e5 {[%emt 0:00:49]} 14. Rfd1 {[%emt 0:07:23]} Bg4 {[%emt 0:05:41]} 15. Rac1 {[%emt 0:05:23]} Rac8 {[%emt 0:02:09]} 16. Qb1 {[%emt 0:06:33]} h6 {[%emt 0:05:20]} 17. b3 {[%emt 0:11:16]} Rfd8 {[%emt 0:04:20]} 18. Qb2 {[%emt 0:01:58]} b6 {[%emt 0:02:59]} 19. h3 {[%emt 0:01:05]} Bh5 {[%emt 0:02:16]} 20. Nh4 {[%emt 0:05:32]} Bxe2 {[%emt 0:00:38]} 21. Qxe2 {[%emt 0:00:00]} g6 {[%emt 0:01:07]} 22. e4 {[%emt 0:02:23]} Qb7 {[%emt 0:03:19]} 23. f3 {[%emt 0:05:06]} Nh5 {[%emt 0:03:54]} 24. Kh2 {[%emt 0:02:14]} Qe7 {[%emt 0:04:14]} 25. Qf2 {[%emt 0:00:19]} a6 {[%emt 0:01:21]} 26. a4 {[%emt 0:01:09]} Qg5 {[%emt 0:04:45]} 27. g3 {[%emt 0:02:31]} b5 {[%emt 0:00:19]} 28. axb5 {[%emt 0:00:39]} axb5 {[%emt 0:00:05]} 29. Ng2 {[%emt 0:00:30]} bxc4 {[%emt 0:00:31]} 30. bxc4 {[%emt 0:00:02]} Rb8 {[%emt 0:00:53]} 31. Rc3 {[%emt 0:00:40]} Qe7 {[%emt 0:04:46]} 32. Ne3 {[%emt 0:01:43]} Qa7 {[%emt 0:04:40]} 33. Qe2 {[%emt 0:00:44]} Nf6 {[%emt 0:00:14]} 34. Rcd3 {[%emt 0:01:32]} Qc5 {[%emt 0:00:05]} 35. h4 {[%emt 0:00:12]} Rb6 {[%emt 0:00:42]} 36. Nd5 {[%emt 0:01:00]} Nxd5 {[%emt 0:01:08]} 37. Rxd5 {[%emt 0:01:37]} Qa3 {[%emt 0:00:22]} 38. c5 {[%emt 0:00:04]} Rc6 {[%emt 0:00:29]} 39. Qd3 {[%emt 0:02:57]} Rxc5 {[%emt 0:05:09]} 1-0

[Event "Eurasia Open Cup 2019"]
[Site "Ekaterinburg"]
[Date "2019.08.03"]
[Round "4.36"]
[White "Karpeshov, Oleg"]
[Black "Morgachev, Sergey"]
[Result "1-0"]
[WhiteElo "2286"]
[BlackElo "1965"]
[Annotator "NA"]
[PlyCount "115"]
[EventDate "2019.07.31"]
[EventType "swiss"]
[EventCountry "RUS"]
[SourceTitle "playchess.com"]
[Source "ChessBase"]
[SourceQuality "1"]
[TimeControl "5400+30"]

1. e4 {[%emt 0:00:00]} c5 {[%emt 0:00:00]} 2. Nf3 {[%emt 0:00:00]} Nc6 {[%emt 0:00:05]} 3. Bb5 {[%emt 0:00:25]} g6 {[%emt 0:00:24]} 4. c3 {[%emt 0:00:10]} Nf6 {[%emt 0:02:31]} 5. Qe2 {[%emt 0:00:15]} Bg7 {[%emt 0:03:32]} 6. O-O {[%emt 0:00:10]} O-O {[%emt 0:01:25]} 7. d4 {[%emt 0:00:15]} cxd4 {[%emt 0:09:37]} 8. cxd4 {[%emt 0:00:46]} d5 {[%emt 0:00:10]} 9. e5 {[%emt 0:00:05]} Ne8 {[%emt 0:01:15]} 10. h3 {[%emt 0:09:28]} Nc7 {[%emt 0:12:08]} 11. Nc3 {[%emt 0:04:28]} Nxb5 {[%emt 0:14:29]} 12. Qxb5 {[%emt 0:05:19]} e6 {[%emt 0:00:41]} 13. Bg5 {[%emt 0:08:12]} Qa5 {[%emt 0:03:48]} 14. Qd3 {[%emt 0:01:39]} h6 {[%emt 0:06:21]} 15. Bh4 {[%emt 0:01:56]} Bd7 {[%emt 0:01:22]} 16. Qe3 {[%emt 0:06:24]} Rfe8 {[%emt 0:10:32]} 17. Bf6 {[%emt 0:04:36]} Ne7 {[%emt 0:01:43]} 18. Qf4 {[%emt 0:03:32]} Qd8 {[%emt 0:14:48]} 19. Rfe1 {[%emt 0:06:17]} Kh7 {[%emt 0:04:45]} 20. g4 {[%emt 0:07:18]} Bxf6 {[%emt 0:02:57]} 21. exf6 {[%emt 0:00:27]} Nc6 {[%emt 0:01:05]} 22. Kg2 {[%emt 0:06:05]} Qb8 {[%emt 0:02:19]} 23. Ne5 {[%emt 0:00:44]} Nxe5 {[%emt 0:00:22]} 24. Rxe5 {[%emt 0:00:14]} g5 {[%emt 0:02:06]} 25. Qe3 {[%emt 0:02:04]} Rg8 {[%emt 0:01:27]} 26. f4 {[%emt 0:00:34]} gxf4 {[%emt 0:00:21]} 27. Qxf4 {[%emt 0:00:09]} Rg6 {[%emt 0:00:55]} 28. Rf1 {[%emt 0:02:09]} Qd8 {[%emt 0:01:04]} 29. Nd1 {[%emt 0:01:48]} Rc8 {[%emt 0:00:01]} 30. Rf2 {[%emt 0:00:07]} Bb5 {[%emt 0:01:28]} 31. Re3 {[%emt 0:00:52]} Ba6 {[%emt 0:00:56]} 32. Nc3 {[%emt 0:00:44]} Rc4 {[%emt 0:00:53]} 33. b3 {[%emt 0:01:26]} Rc8 {[%emt 0:00:30]} 34. Rff3 {[%emt 0:00:40]} Qc7 {[%emt 0:00:30]} 35. Qxc7 {[%emt 0:00:13]} Rxc7 {[%emt 0:00:30]} 36. Kg3 {[%emt 0:00:44]} Rg8 {[%emt 0:00:30]} 37. h4 {[%emt 0:00:03]} b6 {[%emt 0:00:30]} 38. Kf4 {[%emt 0:00:38]} Rg6 {[%emt 0:00:30]} 39. g5 {[%emt 0:00:46]} Rg8 {[%emt 0:00:20]} 40. Rg3 {[%emt 0:00:38]} h5 {[%emt 0:00:13]} 41. Ke5 {[%emt 0:00:31]} Kg6 {[%emt 0:00:25]} 42. b4 {[%emt 0:00:25]} Bc4 {[%emt 0:00:49]} 43. a3 {[%emt 0:00:33]} a5 {[%emt 0:00:43]} 44. Nb1 {[%emt 0:00:30]} Ba6 {[%emt 0:00:08]} 45. Rc3 {[%emt 0:00:31]} Rgc8 {[%emt 0:00:22]} 46. Rxc7 {[%emt 0:00:32]} Rxc7 {[%emt 0:00:18]} 47. Rc3 {[%emt 0:00:33]} Bc4 {[%emt 0:00:21]} 48. Nd2 {[%emt 0:00:04]} b5 {[%emt 0:00:16]} 49. Nf3 {[%emt 0:00:59]} axb4 {[%emt 0:01:35]} 50. axb4 {[%emt 0:00:07]} Ra7 {[%emt 0:00:16]} 51. Kf4 {[%emt 0:00:38]} Kh7 {[%emt 0:00:07]} 52. Ne5 {[%emt 0:00:23]} Kg8 {[%emt 0:00:15]} 53. g6 {[%emt 0:00:39]} fxg6 {[%emt 0:00:35]} 54. Rg3 {[%emt 0:00:27]} Ra1 {[%emt 0:01:17]} 55. Rxg6+ {[%emt 0:00:08]} Kf8 {[%emt 0:00:07]} 56. Kg5 {[%emt 0:01:06]} Rg1+ {[%emt 0:00:10]} 57. Kh6 {[%emt 0:00:09]} Rf1 {[%emt 0:01:13]} 58. Kh7 {[%emt 0:00:50]} 1-0

[Event "Eurasia Open Cup 2019"]
[Site "Ekaterinburg"]
[Date "2019.08.03"]
[Round "4.37"]
[White "Pogorelskikh, Sergey"]
[Black "Yadigarov, Aivaz"]
[Result "1-0"]
[WhiteElo "2284"]
[BlackElo "1938"]
[Annotator "NA"]
[PlyCount "91"]
[EventDate "2019.07.31"]
[EventType "swiss"]
[EventCountry "RUS"]
[SourceTitle "playchess.com"]
[Source "ChessBase"]
[SourceQuality "1"]
[TimeControl "5400+30"]

1. e4 {[%emt 0:00:00]} c6 {[%emt 0:00:08]} 2. d4 {[%emt 0:00:00]} d6 {[%emt 0:00:00]} 3. Nc3 {[%emt 0:00:14]} g6 {[%emt 0:00:00]} 4. h3 {[%emt 0:01:49]} Bg7 {[%emt 0:00:00]} 5. Nf3 {[%emt 0:00:07]} Nd7 {[%emt 0:01:03]} 6. a4 {[%emt 0:00:26]} Qc7 {[%emt 0:01:02]} 7. Bc4 {[%emt 0:00:32]} Ngf6 {[%emt 0:00:27]} 8. O-O {[%emt 0:02:06]} O-O {[%emt 0:00:01]} 9. Ba2 {[%emt 0:01:38]} e5 {[%emt 0:00:54]} 10. Be3 {[%emt 0:03:36]} Re8 {[%emt 0:06:35]} 11. dxe5 {[%emt 0:01:07]} dxe5 {[%emt 0:00:33]} 12. Nd2 {[%emt 0:02:40]} Nf8 {[%emt 0:03:31]} 13. Nc4 {[%emt 0:00:39]} Rd8 {[%emt 0:00:11]} 14. Qf3 {[%emt 0:02:54]} Ne6 {[%emt 0:04:10]} 15. Rfd1 {[%emt 0:01:14]} Nd4 {[%emt 0:01:07]} 16. Bxd4 {[%emt 0:00:17]} exd4 {[%emt 0:00:13]} 17. Ne2 {[%emt 0:00:26]} b5 {[%emt 0:04:39]} 18. e5 {[%emt 0:05:21]} Ne8 {[%emt 0:17:26]} 19. axb5 {[%emt 0:02:03]} Bb7 {[%emt 0:02:03]} 20. Na5 {[%emt 0:02:14]} Bxe5 {[%emt 0:03:30]} 21. bxc6 {[%emt 0:13:41]} Ba6 {[%emt 0:00:25]} 22. Nc1 {[%emt 0:06:57]} Rab8 {[%emt 0:01:22]} 23. Bc4 {[%emt 0:07:26]} Rb6 {[%emt 0:02:25]} 24. Nd3 {[%emt 0:03:43]} Bh2+ {[%emt 0:01:41]} 25. Kh1 {[%emt 0:02:11]} Bxc4 {[%emt 0:00:40]} 26. Nxc4 {[%emt 0:00:51]} Rxc6 {[%emt 0:02:51]} 27. Rxa7 {[%emt 0:05:14]} Qxa7 {[%emt 0:03:45]} 28. Qxc6 {[%emt 0:00:38]} Qc7 {[%emt 0:03:43]} 29. Qxc7 {[%emt 0:02:50]} Bxc7 {[%emt 0:00:13]} 30. Ra1 {[%emt 0:00:59]} Nd6 {[%emt 0:02:28]} 31. Nxd6 {[%emt 0:02:13]} Rxd6 {[%emt 0:02:11]} 32. b4 {[%emt 0:02:25]} Rc6 {[%emt 0:03:06]} 33. Ra2 {[%emt 0:01:01]} Rb6 {[%emt 0:00:06]} 34. Kg1 {[%emt 0:02:21]} Kf8 {[%emt 0:01:14]} 35. Kf1 {[%emt 0:00:00]} Ke7 {[%emt 0:00:48]} 36. Ra7 {[%emt 0:03:56]} Kd8 {[%emt 0:02:44]} 37. Ke2 {[%emt 0:00:00]} f5 {[%emt 0:00:04]} 38. Nc5 {[%emt 0:00:41]} Kc8 {[%emt 0:00:31]} 39. Ra8+ {[%emt 0:02:07]} Rb8 {[%emt 0:02:20]} 40. Rxb8+ {[%emt 0:01:21]} Bxb8 {[%emt 0:01:44]} 41. Kd3 {[%emt 0:00:14]} Be5 {[%emt 0:00:34]} 42. Kc4 {[%emt 0:00:39]} Kc7 {[%emt 0:00:00]} 43. Ne6+ {[%emt 0:00:43]} Kd6 {[%emt 0:00:51]} 44. Nf8 {[%emt 0:00:07]} Bf6 {[%emt 0:00:34]} 45. Nxh7 {[%emt 0:00:46]} Be7 {[%emt 0:01:57]} 46. f4 {[%emt 0:00:16]} 1-0

[Event "Eurasia Open Cup 2019"]
[Site "Ekaterinburg"]
[Date "2019.08.03"]
[Round "4.38"]
[White "Pauli, Stanislav"]
[Black "Tsybikov, Tumen"]
[Result "0-1"]
[WhiteElo "1898"]
[BlackElo "2281"]
[Annotator "NA"]
[PlyCount "132"]
[EventDate "2019.07.31"]
[EventType "swiss"]
[EventCountry "RUS"]
[SourceTitle "playchess.com"]
[Source "ChessBase"]
[SourceQuality "1"]
[TimeControl "5400+30"]

1. Nf3 {[%emt 0:00:00]} c5 {[%emt 0:00:00]} 2. e4 {[%emt 0:00:00]} d6 {[%emt 0:00:00]} 3. Bb5+ {[%emt 0:00:00]} Nd7 {[%emt 0:00:00]} 4. O-O {[%emt 0:00:16]} a6 {[%emt 0:00:00]} 5. Bd3 {[%emt 0:00:00]} Ngf6 {[%emt 0:00:12]} 6. Re1 {[%emt 0:00:47]} e6 {[%emt 0:00:41]} 7. a4 {[%emt 0:00:11]} b6 {[%emt 0:01:42]} 8. c3 {[%emt 0:00:28]} Bb7 {[%emt 0:01:49]} 9. Na3 {[%emt 0:02:23]} Be7 {[%emt 0:01:49]} 10. Qe2 {[%emt 0:01:16]} O-O {[%emt 0:01:00]} 11. Bc2 {[%emt 0:00:08]} Qc7 {[%emt 0:07:21]} 12. h3 {[%emt 0:04:27]} Rac8 {[%emt 0:01:35]} 13. d3 {[%emt 0:00:11]} Rfe8 {[%emt 0:02:21]} 14. Bf4 {[%emt 0:00:37]} Nf8 {[%emt 0:03:28]} 15. Rac1 {[%emt 0:03:40]} e5 {[%emt 0:04:36]} 16. Bh2 {[%emt 0:00:00]} Ne6 {[%emt 0:00:10]} 17. Nc4 {[%emt 0:02:37]} Bf8 {[%emt 0:04:52]} 18. Ne3 {[%emt 0:21:40]} b5 {[%emt 0:01:42]} 19. axb5 {[%emt 0:05:11]} axb5 {[%emt 0:00:00]} 20. Bb3 {[%emt 0:08:39]} Nf4 {[%emt 0:20:14]} 21. Qd1 {[%emt 0:03:37]} Nxd3 {[%emt 0:06:09]} 22. Qxd3 {[%emt 0:00:26]} c4 {[%emt 0:00:06]} 23. Qf1 {[%emt 0:04:44]} cxb3 {[%emt 0:01:23]} 24. Qxb5 {[%emt 0:00:28]} Bxe4 {[%emt 0:01:13]} 25. Qxb3 {[%emt 0:01:21]} Rb8 {[%emt 0:03:26]} 26. Qc4 {[%emt 0:00:50]} Qxc4 {[%emt 0:02:45]} 27. Nxc4 {[%emt 0:00:07]} Bxf3 {[%emt 0:03:45]} 28. gxf3 {[%emt 0:00:07]} Rec8 {[%emt 0:00:03]} 29. Ne3 {[%emt 0:03:41]} Rxb2 {[%emt 0:00:00]} 30. c4 {[%emt 0:00:09]} Nd7 {[%emt 0:00:29]} 31. f4 {[%emt 0:00:42]} f6 {[%emt 0:01:05]} 32. Rb1 {[%emt 0:00:32]} Rcb8 {[%emt 0:00:09]} 33. Rxb2 {[%emt 0:02:08]} Rxb2 {[%emt 0:00:34]} 34. Rd1 {[%emt 0:01:02]} Nc5 {[%emt 0:00:05]} 35. f5 {[%emt 0:05:28]} Nb3 {[%emt 0:00:45]} 36. Kg2 {[%emt 0:08:19]} g6 {[%emt 0:03:20]} 37. Rd5 {[%emt 0:01:07]} Nd4 {[%emt 0:02:17]} 38. fxg6 {[%emt 0:05:40]} hxg6 {[%emt 0:05:29]} 39. Ra5 {[%emt 0:00:18]} Rb7 {[%emt 0:00:05]} 40. Nd5 {[%emt 0:00:22]} Kf7 {[%emt 0:00:48]} 41. Ra8 {[%emt 0:00:27]} Ne6 {[%emt 0:01:01]} 42. h4 {[%emt 0:00:54]} Nc7 {[%emt 0:00:07]} 43. Ra5 {[%emt 0:00:28]} Nxd5 {[%emt 0:00:48]} 44. cxd5 {[%emt 0:00:49]} Be7 {[%emt 0:01:34]} 45. f4 {[%emt 0:01:54]} Rb2+ {[%emt 0:00:28]} 46. Kh3 {[%emt 0:00:11]} Rb3+ {[%emt 0:01:00]} 47. Kg2 {[%emt 0:00:07]} Rb4 {[%emt 0:00:22]} 48. h5 {[%emt 0:04:20]} gxh5 {[%emt 0:01:53]} 49. f5 {[%emt 0:00:36]} Rb2+ {[%emt 0:01:43]} 50. Kg1 {[%emt 0:00:15]} h4 {[%emt 0:02:22]} 51. Ra1 {[%emt 0:03:39]} Rd2 {[%emt 0:02:22]} 52. Ra5 {[%emt 0:00:11]} h3 {[%emt 0:01:26]} 53. Rb5 {[%emt 0:02:39]} Rg2+ {[%emt 0:02:13]} 54. Kh1 {[%emt 0:01:42]} Rf2 {[%emt 0:00:31]} 55. Rb3 {[%emt 0:00:46]} Rxf5 {[%emt 0:00:59]} 56. Rxh3 {[%emt 0:01:56]} Rf2 {[%emt 0:02:50]} 57. Rh7+ {[%emt 0:00:06]} Kf8 {[%emt 0:00:26]} 58. Rh8+ {[%emt 0:00:50]} Kg7 {[%emt 0:00:45]} 59. Ra8 {[%emt 0:00:07]} Rd2 {[%emt 0:01:25]} 60. Ra5 {[%emt 0:00:12]} Kg6 {[%emt 0:00:08]} 61. Bg3 {[%emt 0:01:23]} Bf8 {[%emt 0:00:05]} 62. Kg1 {[%emt 0:00:20]} Bh6 {[%emt 0:00:21]} 63. Be1 {[%emt 0:00:07]} Rd1 {[%emt 0:00:19]} 64. Kf2 {[%emt 0:01:00]} Bd2 {[%emt 0:01:52]} 65. Bxd2 {[%emt 0:00:10]} Rxd2+ {[%emt 0:00:10]} 66. Ke3 {[%emt 0:00:43]} Rd4 {[%emt 0:00:17]} 0-1

[Event "Eurasia Open Cup 2019"]
[Site "Ekaterinburg"]
[Date "2019.08.03"]
[Round "4.39"]
[White "Isanzhulov, Arystan"]
[Black "Kirillov, Anton"]
[Result "1-0"]
[WhiteElo "2278"]
[BlackElo "1855"]
[Annotator "NA"]
[PlyCount "55"]
[EventDate "2019.07.31"]
[EventType "swiss"]
[EventCountry "RUS"]
[SourceTitle "playchess.com"]
[Source "ChessBase"]
[SourceQuality "1"]
[TimeControl "5400+30"]

1. e4 {[%emt 0:00:00]} c5 {[%emt 0:00:00]} 2. Nf3 {[%emt 0:00:00]} e6 {[%emt 0:00:00]} 3. c3 {[%emt 0:00:00]} d5 {[%emt 0:00:00]} 4. e5 {[%emt 0:01:42]} Nc6 {[%emt 0:00:55]} 5. d4 {[%emt 0:02:56]} Qb6 {[%emt 0:00:26]} 6. Na3 {[%emt 0:14:00]} cxd4 {[%emt 0:10:22]} 7. cxd4 {[%emt 0:00:04]} Bb4+ {[%emt 0:00:30]} 8. Bd2 {[%emt 0:00:04]} Bxa3 {[%emt 0:04:37]} 9. bxa3 {[%emt 0:00:36]} Nxd4 {[%emt 0:01:11]} 10. Qa4+ {[%emt 0:14:25]} Nc6 {[%emt 0:00:26]} 11. Bd3 {[%emt 0:00:14]} Bd7 {[%emt 0:07:59]} 12. Qf4 {[%emt 0:01:03]} Nge7 {[%emt 0:03:47]} 13. O-O {[%emt 0:07:47]} Ng6 {[%emt 0:03:23]} 14. Qg5 {[%emt 0:10:14]} Qc5 {[%emt 0:35:28]} 15. Rab1 {[%emt 0:06:34]} Qxa3 {[%emt 0:03:11]} 16. Rb3 {[%emt 0:00:35]} Qe7 {[%emt 0:05:03]} 17. Qg3 {[%emt 0:00:06]} O-O {[%emt 0:00:00]} 18. h4 {[%emt 0:00:36]} f5 {[%emt 0:01:01]} 19. exf6 {[%emt 0:03:55]} Qxf6 {[%emt 0:08:40]} 20. Rxb7 {[%emt 0:00:22]} Bc8 {[%emt 0:00:58]} 21. Rc7 {[%emt 0:01:03]} e5 {[%emt 0:01:50]} 22. Rc1 {[%emt 0:00:30]} Nd4 {[%emt 0:02:30]} 23. Nxd4 {[%emt 0:02:04]} exd4 {[%emt 0:00:31]} 24. h5 {[%emt 0:02:22]} Ne5 {[%emt 0:04:43]} 25. Bg5 {[%emt 0:00:15]} Qe6 {[%emt 0:00:05]} 26. Re7 {[%emt 0:00:31]} Nxd3 {[%emt 0:01:37]} 27. Rxe6 {[%emt 0:00:25]} Nxc1 {[%emt 0:00:20]} 28. Bh6 {[%emt 0:01:02]} 1-0

[Event "Eurasia Open Cup 2019"]
[Site "Ekaterinburg"]
[Date "2019.08.03"]
[Round "4.41"]
[White "Mamatov, Melis"]
[Black "Sosnina, Ekaterina"]
[Result "1-0"]
[WhiteElo "2269"]
[BlackElo "1800"]
[Annotator "NA"]
[PlyCount "96"]
[EventDate "2019.07.31"]
[EventType "swiss"]
[EventCountry "RUS"]
[SourceTitle "playchess.com"]
[Source "ChessBase"]
[SourceQuality "1"]
[TimeControl "5400+30"]

1. e4 {[%emt 0:00:00]} c5 {[%emt 0:00:00]} 2. Nf3 {[%emt 0:03:41]} d6 {[%emt 0:00:00]} 3. c3 {[%emt 0:00:45]} Nf6 {[%emt 0:00:54]} 4. h3 {[%emt 0:00:51]} Nc6 {[%emt 0:00:20]} 5. Bd3 {[%emt 0:00:15]} g6 {[%emt 0:00:10]} 6. Bc2 {[%emt 0:00:35]} Bg7 {[%emt 0:00:20]} 7. d3 {[%emt 0:00:11]} O-O {[%emt 0:05:37]} 8. Bg5 {[%emt 0:00:25]} d5 {[%emt 0:10:03]} 9. Qc1 {[%emt 0:03:22]} d4 {[%emt 0:08:58]} 10. Bh6 {[%emt 0:00:35]} c4 {[%emt 0:00:06]} 11. Bxg7 {[%emt 0:02:17]} Kxg7 {[%emt 0:00:11]} 12. e5 {[%emt 0:01:42]} Nd5 {[%emt 0:20:44]} 13. dxc4 {[%emt 0:01:26]} Nb6 {[%emt 0:00:05]} 14. b3 {[%emt 0:04:19]} d3 {[%emt 0:14:02]} 15. Bd1 {[%emt 0:00:25]} Nd7 {[%emt 0:07:14]} 16. Qe3 {[%emt 0:00:24]} Qa5 {[%emt 0:00:05]} 17. O-O {[%emt 0:05:13]} Ndxe5 {[%emt 0:01:29]} 18. Nxe5 {[%emt 0:00:46]} Qxe5 {[%emt 0:00:02]} 19. Qxd3 {[%emt 0:00:20]} Rd8 {[%emt 0:00:20]} 20. Qe2 {[%emt 0:00:44]} Qg5 {[%emt 0:07:43]} 21. Qe3 {[%emt 0:00:39]} Qxe3 {[%emt 0:06:12]} 22. fxe3 {[%emt 0:01:43]} Bf5 {[%emt 0:00:24]} 23. Be2 {[%emt 0:00:00]} Ne5 {[%emt 0:00:54]} 24. Na3 {[%emt 0:02:57]} Rd2 {[%emt 0:02:34]} 25. Rf2 {[%emt 0:00:47]} a6 {[%emt 0:01:07]} 26. c5 {[%emt 0:00:38]} Bd3 {[%emt 0:01:10]} 27. Bf3 {[%emt 0:01:26]} Nxf3+ {[%emt 0:01:02]} 28. gxf3 {[%emt 0:00:53]} Rxf2 {[%emt 0:04:52]} 29. Kxf2 {[%emt 0:00:00]} Bf5 {[%emt 0:00:10]} 30. h4 {[%emt 0:00:00]} Rd8 {[%emt 0:00:09]} 31. e4 {[%emt 0:00:10]} Be6 {[%emt 0:00:28]} 32. Ke3 {[%emt 0:00:10]} Rc8 {[%emt 0:00:09]} 33. b4 {[%emt 0:00:10]} b6 {[%emt 0:00:52]} 34. c4 {[%emt 0:09:09]} bxc5 {[%emt 0:00:31]} 35. b5 {[%emt 0:00:09]} axb5 {[%emt 0:00:35]} 36. cxb5 {[%emt 0:00:00]} Ra8 {[%emt 0:00:14]} 37. Nb1 {[%emt 0:00:00]} Bxa2 {[%emt 0:02:41]} 38. Nc3 {[%emt 0:07:01]} Bd5 {[%emt 0:02:30]} 39. Rxa8 {[%emt 0:00:00]} Bxa8 {[%emt 0:00:13]} 40. Na4 {[%emt 0:00:00]} Kh6 {[%emt 0:00:05]} 41. Nxc5 {[%emt 0:00:04]} Kh5 {[%emt 0:01:52]} 42. b6 {[%emt 0:00:20]} Kxh4 {[%emt 0:00:03]} 43. b7 {[%emt 0:01:51]} Bxb7 {[%emt 0:01:07]} 44. Nxb7 {[%emt 0:05:42]} Kg3 {[%emt 0:00:08]} 45. Nd8 {[%emt 0:07:23]} f5 {[%emt 0:00:04]} 46. exf5 {[%emt 0:00:04]} gxf5 {[%emt 0:00:30]} 47. Nc6 {[%emt 0:00:11]} e6 {[%emt 0:02:21]} 48. Nd4 {[%emt 0:10:26]} f4+ {[%emt 0:00:06]} 1-0

[Event "Eurasia Open Cup 2019"]
[Site "Ekaterinburg"]
[Date "2019.08.03"]
[Round "4.42"]
[White "Pogromsky, Mikhail"]
[Black "Ryabikov, Vladislav"]
[Result "1-0"]
[WhiteElo "2414"]
[BlackElo "1719"]
[Annotator "NA"]
[PlyCount "37"]
[EventDate "2019.07.31"]
[EventType "swiss"]
[EventCountry "RUS"]
[SourceTitle "playchess.com"]
[Source "ChessBase"]
[SourceQuality "1"]
[TimeControl "5400+30"]

1. Nf3 {[%emt 0:00:00]} Nf6 {[%emt 0:00:00]} 2. b3 {[%emt 0:00:10]} g6 {[%emt 0:01:20]} 3. Bb2 {[%emt 0:00:20]} Bg7 {[%emt 0:00:05]} 4. g3 {[%emt 0:01:45]} O-O {[%emt 0:01:35]} 5. Bg2 {[%emt 0:00:05]} d5 {[%emt 0:03:37]} 6. c4 {[%emt 0:00:45]} c5 {[%emt 0:04:38]} 7. cxd5 {[%emt 0:00:36]} Nxd5 {[%emt 0:01:21]} 8. Bxg7 {[%emt 0:01:41]} Kxg7 {[%emt 0:00:10]} 9. O-O {[%emt 0:04:23]} Nc6 {[%emt 0:04:28]} 10. d4 {[%emt 0:04:18]} cxd4 {[%emt 0:01:47]} 11. Nxd4 {[%emt 0:00:20]} Nxd4 {[%emt 0:00:30]} 12. Qxd4+ {[%emt 0:00:05]} Nf6 {[%emt 0:00:05]} 13. Qe5 {[%emt 0:03:45]} Qb6 {[%emt 0:06:33]} 14. Nc3 {[%emt 0:02:11]} Be6 {[%emt 0:02:02]} 15. Na4 {[%emt 0:02:32]} Qb4 {[%emt 0:05:30]} 16. Nc5 {[%emt 0:04:04]} Bd5 {[%emt 0:05:09]} 17. Qxe7 {[%emt 0:04:25]} Qb5 {[%emt 0:07:16]} 18. Bxd5 {[%emt 0:01:06]} Nxd5 {[%emt 0:00:10]} 19. Qe5+ {[%emt 0:00:05]} 1-0